000 00692nam a2200289Ia 4500
005 20260324144702.0
008 008 260324s9999 xx 000 0 eng d
020 _a9780429401602
037 _aEBOOK
040 _aCRL
040 _beng
040 _cCRL
041 _2eng
041 _aeng
084 _qCRL
100 _aAnne Showstack Sassoon
_91201553
245 0 _aWomen and the State
245 4 _bThe Shifting Boundaries of Public and Private
260 _bTaylor and Francis
260 _c1987
365 _a
365 _b205
856 _uhttp://www.taylorfrancis.com/books/9780429401602
942 _cEBOOK
999 _c1827156
_d1827156